Go ahead, secret seven

Bibliographic Details
Main Author: Blyton, Enid
Other Authors: Hamilton, Dorothy (illustrated)
Format: Book
Published: London : Award Publications , 1995
Subjects:

MARC

LEADER 00000cam a2200000 7i4500
001 0000009973
002 000010867
005 20000330.0
020 |a 0861635701 
090 0 0 |a JF   |b BLY 
100 1 |a Blyton, Enid 
245 1 0 |a Go ahead, secret seven   |c Enid Blyton ; illustrated by Dorothy Hamilton 
260 |a London :   |b Award Publications ,   |c 1995 
300 |a 124p. :   |b ill. ;   |c 19cm. 
650 0 0 |a Children's stories 
700 1 |a Hamilton, Dorothy ,   |e illustrated 
999 |a 041340   |b BUKU   |c PINJAMAN   |e PERPUSTAKAAN KOMUNITI PETALING JAYA 
999 |a 041341   |b BUKU   |c PINJAMAN   |e PERPUSTAKAAN KOMUNITI PETALING JAYA 
999 |a 041342   |b BUKU   |c PINJAMAN   |e PERPUSTAKAAN KOMUNITI PETALING JAYA 
999 |a 045125   |b BUKU   |c PINJAMAN   |e PERPUSTAKAAN KOMUNITI CAW KOTA DAMANSARA 
999 |a 045126   |b BUKU   |c PINJAMAN   |e PERPUSTAKAAN KOMUNITI CAW KOTA DAMANSARA 
999 |a 045127   |b BUKU   |c PINJAMAN   |e PERPUSTAKAAN KOMUNITI CAW KOTA DAMANSARA